• 首页
  • 本馆介绍
  • 公告通知
  • 最新文献
  • 馆藏检索
  • 电子资源
  • 读者导购
  • 参考咨询
  • 我的图书馆
  • 登录
  • 详细信息显示
  • 放入我的书架
  • 预约/预借图书
  • 作者相关作品
  • 分类相关作品
  • 丛书相关作品
  • 出版社相关作品

书目信息

  • 表格格式
  • 工作单格式
  • 卡片格式
题名:
外国哲学
    
 
作者: ;《外国哲学》编委会 编
分册: 第一辑  
出版信息: 北京   商务印书馆  1981
页数: 346页
开本: 21cm
丛书名:
单 册:
中图分类: B1
科图分类:
主题词: 哲学--世界
电子资源:
ISBN:
000 00621nam0 2200229 45
001 0181004458
005 20060725092608.35
010    @dCNY1.40
091    @a2017.260
100    @a19950413f19811986em y0chiy0121 ea
101 0  @achi
102    @aCN@b110000
105    @ay z 000yy
200 10 @a外国哲学@Awai guo zhe xue@h第一辑@f《外国哲学》编委会编@F《Wai Guo ZheXue》Bian Wei Hui Bian
210    @a北京@c商务印书馆@d1981
215    @a346页@d21cm
606    @a哲学@x世界
690    @aB1@v3
711 02 @a《外国哲学》编委会@4编
801  2 @aCN@bNLC@c20060725
801  0 @aCN@b上海图书馆@c20060718
905    @dB1@e2:1
    
    外国哲学.第一辑/《外国哲学》编委会编.-北京:商务印书馆,1981
    346页;21cm
    
    
    ISBN :CNY1.40
    
●
相关链接 在E读中查询图书 在五车中查询图书 在当当中查询图书 在豆瓣中查询图书


正题名:外国哲学     索取号:B1/2:1         预约/预借

序号 登录号 条形码 馆藏地/架位号 状态 备注
1 0056037   001129077   密集书库/ [索取号:B1/2:1] 在馆    
2 0056038   001129086   密集书库/ [索取号:B1/2:1] 在馆    
3 0056039   202291849   密集书库/ [索取号:B1/2:1] 在馆    
4 0056040   001124312   密集书库/ [索取号:B1/2:1] 在馆    
5 0056041   001129111   第一样本阅览室/ [索取号:B1/2:1] 在馆    
6 0424467   204244674   密集书库/ [索取号:B1/2:1] 在馆    
7 0426084   204260842   密集书库/ [索取号:B1/2:1] 在馆    
唐山师范学院图书馆 欢迎您!
大连网信软件有限公司© 版权所有